00561nam a22001817a 450000500170000001000170001702000270003403500170006103700190007808200080009724500800010526000440018527000580022930000200028770000260030770000230033370000230035620240102164015.0 aB-756753-758 a9789392594700c1225.00 aB-756753-758 aSunnvik Books  a020 aApplication of New Technological Trends in Library Services and Management  aNew Delhi bEss Ess Publications c2023 a4831/24, Ansari Road, Darya Ganj bNew Delhi e110002 a269p.c22cm(Hb) aKunwar Singh eEditor aJadhav,U.SeEditor aGhante,P.BeEditor